Представление документа в формате MARC21

Поле Инд. ПП Название Значение
Тип записи a
Библиографический уровень m
001 Контрольный номер RU/URAIT/589145
005 Дата корректировки 20260409133840.7
020 a ISBN 978-5-534-16228-8
041 0_ a Код языка текста rus
044 a Код страны публикации RU
080 a Индекс УДК 373.167.1:57
097 b Оператор *Ви*
100 1_ a Автор Ярыгин В.Н.
245 10 a Заглавие Биология. Базовый и углубленный уровни: 10—11 классы
b Продолж. заглавия учебник для СОО
b Продолж. заглавия в составе учебно-методического комплекса
c Ответственность Ярыгин В.Н., Васильева В.И., Волков И.Н., [и др.]
250 a Основные сведения об издании 2-е изд., перераб. и доп.
260 a Место издания Москва
b Издательство Юрайт
c Дата издания 2026
300 a Объем 378 с
440 _0 a Серия Общеобразовательный цикл
440 _0 a Серия УМК-У
516 8_ a Прим. о типе комп. файла/ данных Текст : электронный
516 8_ a Прим. о типе комп. файла/ данных Режим доступа: по подписке
516 8_ a Прим. о типе комп. файла/ данных Дата обращения: 01.04.2026
520 0_ a Аннотация В курсе отражен современный подход к пониманию основных свойств жизни на каждом из уровней. Дана характеристика человека как объекта биологических исследований, рассмотрены механизмы наследственности и изменчивости, уделено внимание генетике человека. Подробно описана роль деятельности человека и обозначена ее взаимосвязь с процессами в биосфере. Курс ориентирован на среднее общее образование в пределах освоения образовательной программы СПО на базе основного общего образования.
535 1_ a Хранилище Образовательная платформа Юрайт
583 a Действие Приписка : УМК
653 0_ a Ключевые слова Биология
a Ключевые слова СПО
a Ключевые слова СОО
700 1_ a Другие авторы Васильева В.И.
700 1_ a Другие авторы Волков И.Н.
700 1_ a Другие авторы [и др.]
773 18 w Контрольный № источника 0acd1402707941ea8d2ecf293a54931a
856 40 u URL https://urait.ru/bcode/589145
901 t Тип документа m
905 b Дата создания записи обработка 08.04.26
c Дата приписки 09.04.26
952 b Гриф литературы для ВШ Гриф УМО СОО